000 00498cam a2200193ua 4500
001 11576
005 20260515114753.0
008 191010n ii |||gr||||Z||||||eng
020 _a9788131105719
040 _cMAIN
041 _aeng
082 _a658
100 _aVivek Deolankar,
_eEditor.
245 _aLeadership in management of global business
_cEdited by Vivek Deolankar
260 _aNew Delhi:
_bCommonwealth,
_c2017.
300 _a270p.
653 _aGeneral management
942 _cBK
999 _c10383
_d10383